[Event "CAN-ch U18"]
[Site "Toronto CAN"]
[Date "2012.12.26"]
[Round "6"]
[White "Kleinman, Michael"]
[Black "Kraiouchkine, Nikita"]
[Result "1/2-1/2"]
[WhiteElo "2307"]
[BlackElo "2245"]
[PlyCount "27"]
[GameId "2160767909410993"]
[EventDate "2012.12.26"]
[EventType "tourn"]
[EventRounds "9"]
[EventCountry "CAN"]
[SourceTitle "CBM 152 Extra"]
[Source "ChessBase"]
[SourceDate "2013.02.25"]
[SourceVersion "1"]
[SourceVersionDate "2013.02.25"]
[SourceQuality "1"]

1. e4 d5 2. exd5 Qxd5 3. Nf3 Bg4 4. Be2 Nc6 5. d4 O-O-O 6. Be3 e5 7. Nc3 Qa5 8. Nxe5 Bxe2 9. Qxe2 Nxe5 10. dxe5 Qxe5 11. O-O Nf6 12. Qc4 Bd6 13. g3 Qh5 14. f3 1/2-1/2

[Event "CAN-ch U18"]
[Site "Toronto CAN"]
[Date "2012.12.26"]
[Round "6"]
[White "Song, Michael"]
[Black "Jiang, Louie"]
[Result "1/2-1/2"]
[WhiteElo "2177"]
[BlackElo "2328"]
[PlyCount "68"]
[GameId "2160767909410995"]
[EventDate "2012.12.26"]
[EventType "tourn"]
[EventRounds "9"]
[EventCountry "CAN"]
[SourceTitle "CBM 152 Extra"]
[Source "ChessBase"]
[SourceDate "2013.02.25"]
[SourceVersion "1"]
[SourceVersionDate "2013.02.25"]
[SourceQuality "1"]

1. d4 Nf6 2. c4 e6 3. g3 Bb4+ 4. Bd2 a5 5. Nf3 O-O 6. Nc3 d5 7. b3 Ne4 8. Nxe4 dxe4 9. Bxb4 axb4 10. Ng1 b6 11. Bg2 Bb7 12. e3 f5 13. Ne2 Qf6 14. O-O Rd8 15. Qc2 c5 16. Rfd1 Nc6 17. Qb2 Ra3 18. Rd2 e5 19. dxe5 Rxd2 20. Qxd2 Nxe5 21. Rd1 Ra8 22. Nf4 Nf7 23. Bf1 Rd8 24. Nh5 Qg5 25. Qe2 Rd3 26. h4 Qh6 27. Nf4 Ne5 28. Bg2 Rd6 29. Bh3 Rxd1+ 30. Qxd1 Qf6 31. Nh5 Qe7 32. Nf4 g6 33. Bf1 Kf7 34. Be2 Qf6 1/2-1/2

[Event "CAN-ch U18"]
[Site "Toronto CAN"]
[Date "2012.12.26"]
[Round "7"]
[White "Chiku-Ratte, Olivier-Kenta"]
[Black "Song, Michael"]
[Result "1-0"]
[WhiteElo "2064"]
[BlackElo "2177"]
[PlyCount "55"]
[GameId "2160767909410997"]
[EventDate "2012.12.26"]
[EventType "tourn"]
[EventRounds "9"]
[EventCountry "CAN"]
[SourceTitle "CBM 152 Extra"]
[Source "ChessBase"]
[SourceDate "2013.02.25"]
[SourceVersion "1"]
[SourceVersionDate "2013.02.25"]
[SourceQuality "1"]

1. d4 Nf6 2. c4 g6 3. Nc3 Bg7 4. e4 d6 5. f4 c5 6. d5 O-O 7. Nf3 e6 8. Be2 exd5 9. cxd5 Bg4 10. O-O Nbd7 11. h3 Bxf3 12. Bxf3 Re8 13. g4 h6 14. Qc2 Qa5 15. Be3 b5 16. e5 b4 17. Nd1 dxe5 18. g5 Nh7 19. f5 Nxg5 20. Bxg5 hxg5 21. fxg6 f6 22. d6 Rac8 23. Qc4+ Kh8 24. Qg4 e4 25. Qh5+ Kg8 26. Qh7+ Kf8 27. Bg4 Ne5 28. d7 1-0

[Event "CAN-ch U18"]
[Site "Toronto CAN"]
[Date "2012.12.26"]
[Round "7"]
[White "Jiang, Louie"]
[Black "Preotu, Razvan"]
[Result "1/2-1/2"]
[WhiteElo "2328"]
[BlackElo "2109"]
[PlyCount "74"]
[GameId "2160767909410998"]
[EventDate "2012.12.26"]
[EventType "tourn"]
[EventRounds "9"]
[EventCountry "CAN"]
[SourceTitle "CBM 152 Extra"]
[Source "ChessBase"]
[SourceDate "2013.02.25"]
[SourceVersion "1"]
[SourceVersionDate "2013.02.25"]
[SourceQuality "1"]

1. c4 Nf6 2. Nf3 g6 3. g3 Bg7 4. Bg2 O-O 5. O-O d6 6. d4 Nc6 7. Nc3 a6 8. h3 Rb8 9. Be3 b5 10. Nd2 Na5 11. cxb5 axb5 12. b4 Nc4 13. Nxc4 bxc4 14. b5 Bd7 15. Rb1 d5 16. Bf4 Nh5 17. Bg5 h6 18. Bc1 c6 19. a4 Qa5 20. Bd2 Qa7 21. g4 Nf6 22. Bf4 Rb7 23. e4 dxe4 24. Nxe4 Nxe4 25. Bxe4 cxb5 26. Bxb7 Qxb7 27. axb5 Qd5 28. Qd2 g5 29. Be3 Qf3 30. Kh2 f5 31. Qd1 Qe4 32. gxf5 Rxf5 33. b6 Rf3 34. Qxf3 Qxf3 35. b7 Qxh3+ 36. Kg1 Qg4+ 37. Kh2 Qh3+ 1/2-1/2

[Event "CAN-ch U18"]
[Site "Toronto CAN"]
[Date "2012.12.26"]
[Round "7"]
[White "Sapozhnikov, Roman"]
[Black "Wang, Richard"]
[Result "1/2-1/2"]
[WhiteElo "2334"]
[BlackElo "2370"]
[PlyCount "77"]
[GameId "2160767909410999"]
[EventDate "2012.12.26"]
[EventType "tourn"]
[EventRounds "9"]
[EventCountry "CAN"]
[SourceTitle "CBM 152 Extra"]
[Source "ChessBase"]
[SourceDate "2013.02.25"]
[SourceVersion "1"]
[SourceVersionDate "2013.02.25"]
[SourceQuality "1"]

1. Nf3 c5 2. e4 g6 3. d4 cxd4 4. Nxd4 Bg7 5. Nc3 Nc6 6. Be3 Nf6 7. Bc4 O-O 8. Bb3 d6 9. h3 Bd7 10. O-O Qa5 11. Re1 Rfe8 12. Qe2 Rac8 13. Rad1 a6 14. Nf3 b5 15. Nd5 Nxd5 16. exd5 Ne5 17. Nxe5 dxe5 18. c4 bxc4 19. Bxc4 Bb5 20. b3 f5 21. f3 Red8 22. Qf2 Qb4 23. Bd2 Qd6 24. Ba5 Rf8 25. Rc1 Bh6 26. Bd2 Bg7 27. Qe2 Bxc4 28. bxc4 e6 29. dxe6 Qxe6 30. Be3 e4 31. Bf2 Rfe8 32. fxe4 fxe4 33. Be3 Rcd8 34. Rcd1 Bc3 35. Rxd8 Rxd8 36. Rd1 Rb8 37. Rd5 Rb1+ 38. Rd1 Rb8 39. Rd5 1/2-1/2

[Event "CAN-ch U18"]
[Site "Toronto CAN"]
[Date "2012.12.26"]
[Round "7"]
[White "Szalay, Karoly"]
[Black "Kleinman, Michael"]
[Result "1/2-1/2"]
[WhiteElo "2159"]
[BlackElo "2307"]
[PlyCount "24"]
[GameId "2160767909411000"]
[EventDate "2012.12.26"]
[EventType "tourn"]
[EventRounds "9"]
[EventCountry "CAN"]
[SourceTitle "CBM 152 Extra"]
[Source "ChessBase"]
[SourceDate "2013.02.25"]
[SourceVersion "1"]
[SourceVersionDate "2013.02.25"]
[SourceQuality "1"]

1. e4 c5 2. Nf3 e6 3. d4 cxd4 4. Nxd4 Nc6 5. c4 Nf6 6. Nc3 Bb4 7. f3 d5 8. cxd5 exd5 9. Qa4 Qa5 10. Qxa5 Bxa5 11. Nxc6 bxc6 12. Bd2 O-O 1/2-1/2

[Event "CAN-ch U18"]
[Site "Toronto CAN"]
[Date "2012.12.26"]
[Round "8"]
[White "Preotu, Razvan"]
[Black "Chiku-Ratte, Olivier-Kenta"]
[Result "1-0"]
[WhiteElo "2109"]
[BlackElo "2064"]
[PlyCount "127"]
[GameId "2160767909411001"]
[EventDate "2012.12.26"]
[EventType "tourn"]
[EventRounds "9"]
[EventCountry "CAN"]
[SourceTitle "CBM 152 Extra"]
[Source "ChessBase"]
[SourceDate "2013.02.25"]
[SourceVersion "1"]
[SourceVersionDate "2013.02.25"]
[SourceQuality "1"]

1. c4 c5 2. Nf3 Nf6 3. d4 cxd4 4. Nxd4 g6 5. Nc3 Bg7 6. e4 d6 7. f3 Nc6 8. Be3 O-O 9. Qd2 Nxd4 10. Bxd4 Qa5 11. Be2 Be6 12. b3 Rfc8 13. Rc1 a6 14. Be3 b5 15. Nd5 Qxd2+ 16. Kxd2 Nxd5 17. exd5 Bd7 18. c5 dxc5 19. Bxc5 Bb2 20. Rc2 Bf6 21. Bd3 e6 22. d6 Bc6 23. Ke3 Bd5 24. Rhc1 e5 25. Be4 Bg5+ 26. Kd3 Bxe4+ 27. Kxe4 Bxc1 28. Rxc1 Ra7 29. Kxe5 Rd7 30. Kd5 Kf8 31. b4 f6 32. a4 Kf7 33. axb5 axb5 34. Ra1 Ke8 35. Ke6 f5 36. Bd4 Rb7 37. Bf6 Rd7 38. g4 fxg4 39. fxg4 Rb7 40. Bg5 Rd7 41. h4 h5 42. gxh5 gxh5 43. Bf6 Rf7 44. Be5 Rd8 45. Rg1 Kf8 46. Rg5 Rh7 47. Rf5+ Ke8 48. Bf6 Rh6 49. Rxb5 Rxd6+ 50. Kxd6 Rxf6+ 51. Kc7 Rf4 52. Re5+ Kf7 53. b5 Rxh4 54. Rc5 Kg6 55. b6 Rb4 56. b7 h4 57. b8=Q Rxb8 58. Kxb8 Kh6 59. Kc7 Kg6 60. Kd6 Kh6 61. Ke6 Kg6 62. Rb5 Kh6 63. Kf6 h3 64. Rb3 1-0

[Event "CAN-ch U18"]
[Site "Toronto CAN"]
[Date "2012.12.26"]
[Round "8"]
[White "Sapozhnikov, Roman"]
[Black "Jiang, Louie"]
[Result "1-0"]
[WhiteElo "2334"]
[BlackElo "2328"]
[PlyCount "115"]
[GameId "2160767909411002"]
[EventDate "2012.12.26"]
[EventType "tourn"]
[EventRounds "9"]
[EventCountry "CAN"]
[SourceTitle "CBM 152 Extra"]
[Source "ChessBase"]
[SourceDate "2013.02.25"]
[SourceVersion "1"]
[SourceVersionDate "2013.02.25"]
[SourceQuality "1"]

1. c4 Nf6 2. Nf3 e6 3. g3 b6 4. Bg2 c6 5. O-O d5 6. d4 Be7 7. Qc2 O-O 8. Nbd2 a5 9. e4 Bb7 10. e5 Nfd7 11. Re1 Na6 12. a3 Nc7 13. b3 c5 14. Bb2 b5 15. dxc5 bxc4 16. b4 Nb5 17. Nd4 Nxd4 18. Bxd4 Qc7 19. f4 g6 20. Nf3 Nb8 21. Bc3 Nc6 22. Qf2 Ba6 23. Nd4 Nxd4 24. Qxd4 Bb5 25. Bd2 Ra6 26. f5 exf5 27. Bf4 Qa7 28. Rad1 axb4 29. axb4 Ra4 30. Bd2 Bc6 31. Bc3 Rd8 32. e6 f6 33. g4 Ra3 34. g5 Rf8 35. Ba1 Rb3 36. Bxd5 Rxb4 37. gxf6 Rxf6 38. Bxc6 Bxc5 39. e7 Rb8 40. Kh1 Bxd4 41. Bxd4 Qa6 42. Bd5+ Kg7 43. Re6 Qa4 44. Rde1 Kh6 45. Bxf6 f4 46. Be5 Rc8 47. Bxf4+ Kh5 48. Bf3+ Kh4 49. Bg3+ Kg5 50. e8=B Rxe8 51. Rxe8 c3 52. R8e4 Qa3 53. Rc4 c2 54. Be4 h5 55. Rxc2 h4 56. Be5 h3 57. Rg1+ Kh6 58. Rc3 1-0

[Event "CAN-ch U18"]
[Site "Toronto CAN"]
[Date "2012.12.26"]
[Round "8"]
[White "Song, Michael"]
[Black "Kraiouchkine, Nikita"]
[Result "1-0"]
[WhiteElo "2177"]
[BlackElo "2245"]
[PlyCount "85"]
[GameId "2160767909411003"]
[EventDate "2012.12.26"]
[EventType "tourn"]
[EventRounds "9"]
[EventCountry "CAN"]
[SourceTitle "CBM 152 Extra"]
[Source "ChessBase"]
[SourceDate "2013.02.25"]
[SourceVersion "1"]
[SourceVersionDate "2013.02.25"]
[SourceQuality "1"]

1. Nf3 d5 2. d4 Nf6 3. g3 c6 4. c4 Bf5 5. Qb3 Qb6 6. c5 Qxb3 7. axb3 Bxb1 8. Rxb1 Nbd7 9. b4 a6 10. Bg2 g6 11. h3 Bg7 12. Bf4 Nh5 13. Be3 e5 14. dxe5 Nxe5 15. Nxe5 Bxe5 16. f4 Bc7 17. Bd4 O-O 18. Kf2 f5 19. e3 Rae8 20. Rbd1 Bd8 21. Bf3 Ng7 22. Rhe1 Ne6 23. Bc3 Nc7 24. Be2 Re6 25. Bd3 Ne8 26. Kf3 Nf6 27. g4 Ne4 28. g5 Rfe8 29. h4 a5 30. Bxe4 Rxe4 31. bxa5 Rc4 32. h5 gxh5 33. Rh1 Rxc5 34. Ra1 Rc4 35. Rxh5 Rce4 36. Be5 R4xe5 37. fxe5 Rxe5 38. a6 bxa6 39. Rxa6 Re6 40. Rh6 Re8 41. Ra8 Kf7 42. Rxh7+ Ke6 43. g6 1-0

[Event "CAN-ch U18"]
[Site "Toronto CAN"]
[Date "2012.12.26"]
[Round "8"]
[White "Wang, Richard"]
[Black "Kleinman, Michael"]
[Result "1-0"]
[WhiteElo "2370"]
[BlackElo "2307"]
[PlyCount "99"]
[GameId "2160767909411004"]
[EventDate "2012.12.26"]
[EventType "tourn"]
[EventRounds "9"]
[EventCountry "CAN"]
[SourceTitle "CBM 152 Extra"]
[Source "ChessBase"]
[SourceDate "2013.02.25"]
[SourceVersion "1"]
[SourceVersionDate "2013.02.25"]
[SourceQuality "1"]

1. d4 Nf6 2. Nf3 g6 3. Nc3 Bg7 4. e4 d6 5. h3 O-O 6. Be3 c6 7. a4 a5 8. Be2 Na6 9. O-O Qc7 10. Nd2 d5 11. e5 Ne8 12. f4 f6 13. Nb3 Nb4 14. Qd2 b6 15. g4 fxe5 16. fxe5 Rxf1+ 17. Rxf1 Be6 18. Bf3 Qd7 19. Ne2 Nc7 20. c3 Nba6 21. Nf4 Bf7 22. h4 Ne6 23. Nh3 Nac7 24. Bd1 Rf8 25. Rf2 Be8 26. Rg2 c5 27. Nc1 b5 28. h5 bxa4 29. Nd3 a3 30. bxa3 Nb5 31. Ba4 Qb7 32. h6 Bh8 33. Bxb5 Qxb5 34. Ndf4 cxd4 35. cxd4 Bd7 36. Nxe6 Bxe6 37. Nf4 Bd7 38. Qa2 e6 39. Qb2 Qa4 40. Kh2 Bxe5 41. dxe5 Rxf4 42. Bxf4 Qxf4+ 43. Rg3 Qxh6+ 44. Kg2 Bc6 45. Rf3 Kg7 46. Qb8 Qd2+ 47. Kh3 Kh6 48. Qf8+ Kg5 49. Qe7+ Kh6 50. Rg3 1-0

[Event "CAN-ch U18"]
[Site "Toronto CAN"]
[Date "2012.12.26"]
[Round "9"]
[White "Chiku-Ratte, Olivier-Kenta"]
[Black "Sapozhnikov, Roman"]
[Result "0-1"]
[WhiteElo "2064"]
[BlackElo "2334"]
[PlyCount "116"]
[GameId "2160767909411005"]
[EventDate "2012.12.26"]
[EventType "tourn"]
[EventRounds "9"]
[EventCountry "CAN"]
[SourceTitle "CBM 152 Extra"]
[Source "ChessBase"]
[SourceDate "2013.02.25"]
[SourceVersion "1"]
[SourceVersionDate "2013.02.25"]
[SourceQuality "1"]

1. d4 d6 2. c4 e5 3. e3 Nf6 4. Nc3 Nbd7 5. g3 g6 6. Bg2 Bg7 7. Nge2 O-O 8. O-O Re8 9. b3 e4 10. Qc2 Qe7 11. Ba3 Nf8 12. Nf4 c6 13. Rae1 Bf5 14. Qd2 Qd7 15. f3 h5 16. fxe4 Nxe4 17. Nxe4 Bxe4 18. Bh3 Qe7 19. d5 c5 20. Bb2 Nh7 21. Bxg7 Kxg7 22. Qc3+ Qe5 23. Qxe5+ Rxe5 24. Bg2 a6 25. Bxe4 Rxe4 26. a4 Rae8 27. Kf2 b5 28. axb5 axb5 29. cxb5 Rb4 30. Ra1 Rxb5 31. Ra6 Nf6 32. Kg1 g5 33. Nh3 Ne4 34. Ra7 Rf8 35. Re7 Rb4 36. Rd7 Rxb3 37. Nf2 Nd2 38. Rd1 Nf3+ 39. Kf1 Ne5 40. Ra7 Nc4 41. Rd3 Rxd3 42. Nxd3 Nxe3+ 43. Kf2 Nxd5 44. Rd7 Nf6 45. Rc7 Ng4+ 46. Kg2 Ra8 47. h3 Nf6 48. Rc6 Ne4 49. Kf3 Re8 50. h4 f6 51. hxg5 fxg5 52. g4 h4 53. Rc7+ Kg6 54. Rc6 Re6 55. Ne1 Nf6 56. Nc2 Nd5 57. Na3 Re3+ 58. Kf2 Rxa3 0-1

[Event "CAN-ch U18"]
[Site "Toronto CAN"]
[Date "2012.12.26"]
[Round "9"]
[White "Jiang, Louie"]
[Black "Wang, Richard"]
[Result "1/2-1/2"]
[WhiteElo "2328"]
[BlackElo "2370"]
[PlyCount "69"]
[GameId "2160767909411006"]
[EventDate "2012.12.26"]
[EventType "tourn"]
[EventRounds "9"]
[EventCountry "CAN"]
[SourceTitle "CBM 152 Extra"]
[Source "ChessBase"]
[SourceDate "2013.02.25"]
[SourceVersion "1"]
[SourceVersionDate "2013.02.25"]
[SourceQuality "1"]

1. c4 c5 2. Nf3 Nc6 3. g3 e5 4. Nc3 g6 5. Bg2 Bg7 6. O-O Nge7 7. d3 O-O 8. a3 d6 9. Rb1 a5 10. Bd2 Rb8 11. Qc1 f6 12. Ne1 Be6 13. Nc2 d5 14. cxd5 Nxd5 15. Nxd5 Bxd5 16. Bxd5+ Qxd5 17. Ne3 Qd6 18. b4 cxb4 19. axb4 Nd4 20. Re1 Rfc8 21. Qb2 a4 22. Qa2+ Kh8 23. Qxa4 f5 24. f3 f4 25. Nf1 Ra8 26. Qd1 Nc2 27. Kg2 b5 28. Qc1 Nxe1+ 29. Qxe1 Ra2 30. Rc1 Rac2 31. Rxc2 Rxc2 32. Qb1 Rc6 33. Qa2 h6 34. Qa5 fxg3 35. Nxg3 1/2-1/2

[Event "CAN-ch U18"]
[Site "Toronto CAN"]
[Date "2012.12.26"]
[Round "9"]
[White "Kraiouchkine, Nikita"]
[Black "Preotu, Razvan"]
[Result "1/2-1/2"]
[WhiteElo "2245"]
[BlackElo "2109"]
[PlyCount "123"]
[GameId "2160767909411007"]
[EventDate "2012.12.26"]
[EventType "tourn"]
[EventRounds "9"]
[EventCountry "CAN"]
[SourceTitle "CBM 152 Extra"]
[Source "ChessBase"]
[SourceDate "2013.02.25"]
[SourceVersion "1"]
[SourceVersionDate "2013.02.25"]
[SourceQuality "1"]

1. e4 c5 2. Nf3 Nc6 3. d4 cxd4 4. Nxd4 g6 5. Nc3 Bg7 6. Be3 Nf6 7. Bc4 Qa5 8. O-O O-O 9. Nb3 Qc7 10. Bg5 a6 11. Bxf6 Bxf6 12. Nd5 Qe5 13. f4 Qxe4 14. Nxf6+ exf6 15. Bd5 Qe3+ 16. Kh1 f5 17. Rf3 Qb6 18. c3 Ne7 19. Rd3 d6 20. Qd2 Nxd5 21. Rxd5 Rd8 22. Rd1 Be6 23. Rxd6 Rxd6 24. Qxd6 Qxd6 25. Rxd6 Re8 26. h3 Bc4 27. Rd2 Re4 28. Na5 Bxa2 29. b3 Bb1 30. Nxb7 Rxf4 31. Nc5 Rf1+ 32. Kh2 a5 33. Rd8+ Kg7 34. Ra8 f4 35. Rxa5 Bf5 36. Ra2 h5 37. b4 g5 38. b5 g4 39. hxg4 hxg4 40. g3 fxg3+ 41. Kg2 Rb1 42. c4 Rb4 43. Ra4 Rb2+ 44. Kxg3 Kg6 45. Ra6+ Kg5 46. b6 Bc8 47. Ne4+ Kh5 48. Ra5+ f5 49. Nd6 Rb3+ 50. Kf4 Rxb6 51. Nxc8 Rc6 52. Ne7 Rxc4+ 53. Kxf5 Kh4 54. Ng6+ Kg3 55. Ne5 Rf4+ 56. Kg5 Re4 57. Ra3+ Kf2 58. Kf5 Rxe5+ 59. Kxe5 g3 60. Kf4 g2 61. Ra2+ Kg1 62. Kf3 1/2-1/2

[Event "CAN-ch U20"]
[Site "Calgary CAN"]
[Date "2012.01.05"]
[Round "1"]
[White "Lee, Brendon"]
[Black "Li, Kevin"]
[Result "0-1"]
[WhiteElo "1869"]
[BlackElo "2238"]
[PlyCount "76"]
[GameId "2160767909572916"]
[EventDate "2012.01.05"]
[EventType "swiss"]
[EventRounds "7"]
[EventCountry "CAN"]
[SourceTitle "EXT 2022"]
[Source "ChessBase"]
[SourceDate "2021.10.06"]
[SourceVersion "1"]
[SourceVersionDate "2021.10.06"]
[SourceQuality "1"]

1. e4 c5 2. Nf3 Nc6 3. d3 e6 4. g3 d5 5. Nbd2 Nf6 6. Bg2 Be7 7. O-O O-O 8. Re1 Qc7 9. Nf1 dxe4 10. dxe4 Rd8 11. Qe2 e5 12. h4 Bg4 13. N1h2 Nd4 14. Qc4 b5 15. Qc3 b4 16. Qc4 Be6 17. Qd3 Nb3 18. Qxd8+ Rxd8 19. axb3 h6 20. Nd2 c4 21. bxc4 Bxc4 22. Nxc4 Qxc4 23. Rxa7 Bc5 24. Rb7 Qa6 25. Rc7 Qb6 26. Rxc5 Qxc5 27. c3 bxc3 28. bxc3 Qxc3 29. Rf1 Rd4 30. Be3 Ra4 31. Nf3 Nxe4 32. Rc1 Qb2 33. Ne1 Qb3 34. Bf1 Nxg3 35. Rc8+ Kh7 36. Bd3+ e4 37. Bc2 Ne2+ 38. Kg2 Qe6 0-1

[Event "CAN-ch U20"]
[Site "Calgary CAN"]
[Date "2012.01.05"]
[Round "1"]
[White "Thavandiran, Shiyam"]
[Black "Doknjas, John"]
[Result "1-0"]
[WhiteElo "2479"]
[BlackElo "2063"]
[PlyCount "91"]
[GameId "2160767909572917"]
[EventDate "2012.01.05"]
[EventType "swiss"]
[EventRounds "7"]
[EventCountry "CAN"]
[SourceTitle "EXT 2022"]
[Source "ChessBase"]
[SourceDate "2021.10.06"]
[SourceVersion "1"]
[SourceVersionDate "2021.10.06"]
[SourceQuality "1"]

1. d4 Nf6 2. Nf3 c5 3. e3 d5 4. dxc5 e6 5. a3 Bxc5 6. b4 Bb6 7. Bb2 O-O 8. Nbd2 a5 9. c4 Qe7 10. Qb3 axb4 11. axb4 Rxa1+ 12. Bxa1 Nc6 13. c5 Bc7 14. b5 Nd8 15. Qc3 e5 16. Nxe5 Bxe5 17. Qxe5 Qxc5 18. Qc3 Qxc3 19. Bxc3 Ne4 20. Bb4 Re8 21. Nb3 Ne6 22. f3 Nf6 23. Kd2 Nd7 24. Be2 Ne5 25. Rc1 Bd7 26. Na5 b6 27. Nc6 Bxc6 28. bxc6 Rc8 29. f4 Nxc6 30. Ba6 Rc7 31. Bd6 Nb8 32. Bxc7 Nxa6 33. Bxb6 Kf8 34. Ra1 Nac5 35. f5 Ne4+ 36. Kc2 N6c5 37. Bxc5+ Nxc5 38. Ra5 Nd7 39. Rxd5 Ke7 40. Kd3 f6 41. Kd4 Ke8 42. Rd6 Ke7 43. Kd5 h6 44. g4 Ke8 45. Ra6 Ke7 46. Ra7 1-0

[Event "CAN-ch U20"]
[Site "Calgary CAN"]
[Date "2012.01.05"]
[Round "1"]
[White "Zhang, David"]
[Black "Shi, Diwen"]
[Result "1-0"]
[WhiteElo "2227"]
[BlackElo "1783"]
[PlyCount "69"]
[GameId "2160767909572919"]
[EventDate "2012.01.05"]
[EventType "swiss"]
[EventRounds "7"]
[EventCountry "CAN"]
[SourceTitle "EXT 2022"]
[Source "ChessBase"]
[SourceDate "2021.10.06"]
[SourceVersion "1"]
[SourceVersionDate "2021.10.06"]
[SourceQuality "1"]

1. e4 Nf6 2. Nc3 e5 3. Nf3 Nc6 4. Bb5 Bb4 5. O-O d6 6. Nd5 Bc5 7. d4 exd4 8. Nxd4 Bd7 9. Nb3 Bb6 10. Bg5 Ne5 11. Bd3 Be6 12. Bxf6 gxf6 13. Nxb6 axb6 14. f4 Nc6 15. Bb5 Rg8 16. Nd4 Bd7 17. a4 Qe7 18. Re1 O-O-O 19. Qd3 Nxd4 20. Qxd4 Bh3 21. Bf1 Rg6 22. Kh1 Bd7 23. a5 c5 24. axb6 Bc6 25. Qe3 Rh6 26. Be2 f5 27. Bf3 Qh4 28. h3 Qg3 29. Re2 Kb8 30. Qa3 Ba4 31. Qxa4 Rxh3+ 32. Kg1 Qh2+ 33. Kf1 Rxf3+ 34. gxf3 Qh3+ 35. Kf2 1-0

[Event "CAN-ch U20"]
[Site "Calgary CAN"]
[Date "2012.01.05"]
[Round "2"]
[White "De Guzman, Jeff Anthony"]
[Black "Cao, Jason"]
[Result "0-1"]
[WhiteElo "1992"]
[BlackElo "2053"]
[PlyCount "118"]
[GameId "2160767909572920"]
[EventDate "2012.01.05"]
[EventType "swiss"]
[EventRounds "7"]
[EventCountry "CAN"]
[SourceTitle "EXT 2022"]
[Source "ChessBase"]
[SourceDate "2021.10.06"]
[SourceVersion "1"]
[SourceVersionDate "2021.10.06"]
[SourceQuality "1"]

1. d4 Nf6 2. c4 g6 3. Nc3 Bg7 4. e4 d6 5. Nf3 O-O 6. Be2 e5 7. O-O exd4 8. Nxd4 Re8 9. Bf3 Nbd7 10. Re1 Ne5 11. Be2 Bd7 12. f3 Nc6 13. Be3 Nh5 14. Nd5 Rc8 15. Nb5 b6 16. Qd2 f5 17. Bg5 Nf6 18. Qf4 Rf8 19. Rad1 fxe4 20. Qh4 a6 21. Nbc3 Be6 22. fxe4 Ne5 23. Rf1 Ned7 24. Rf4 Bxd5 25. cxd5 Ra8 26. Rdf1 Qe8 27. Bxf6 Nxf6 28. Rxf6 Rxf6 29. Rxf6 Qe7 30. Rf4 g5 31. Qg4 gxf4 32. Qxf4 b5 33. Bg4 Rf8 34. Be6+ Kh8 35. Bf5 Bd4+ 36. Kf1 b4 37. Nd1 Qe8 38. Qh6 Rf7 39. g4 Qxe4 40. Qxh7+ Rxh7 41. Bxe4 Rxh2 42. Bg2 Rh4 43. Bf3 Kg7 44. Kg2 Rh8 45. Be4 Kf6 46. Bf5 Kg5 47. Kf3 Rh2 48. Ke4 Rd2 49. Ne3 Bxe3 50. Kxe3 Rxb2 51. Kd4 Rxa2 52. Kc4 a5 53. Kb5 Ra1 54. Kc6 Rc1+ 55. Kb5 b3 56. Kxa5 b2 57. Kb5 b1=Q+ 58. Bxb1 Rxb1+ 59. Kc6 Rc1+ 0-1

[Event "CAN-ch U20"]
[Site "Calgary CAN"]
[Date "2012.01.05"]
[Round "2"]
[White "Doknjas, John"]
[Black "Lee, Brendon"]
[Result "0-1"]
[WhiteElo "2063"]
[BlackElo "1869"]
[PlyCount "92"]
[GameId "2160767909572921"]
[EventDate "2012.01.05"]
[EventType "swiss"]
[EventRounds "7"]
[EventCountry "CAN"]
[SourceTitle "EXT 2022"]
[Source "ChessBase"]
[SourceDate "2021.10.06"]
[SourceVersion "1"]
[SourceVersionDate "2021.10.06"]
[SourceQuality "1"]

1. d4 Nf6 2. c4 g6 3. Nc3 d5 4. cxd5 Nxd5 5. e4 Nxc3 6. bxc3 Bg7 7. Nf3 O-O 8. Rb1 c5 9. Be2 Nc6 10. d5 Ne5 11. Nxe5 Bxe5 12. Qc2 Qc7 13. g3 e6 14. c4 Re8 15. O-O a6 16. f4 Bd4+ 17. Kh1 Bd7 18. Bb2 exd5 19. cxd5 Bxb2 20. Rxb2 b5 21. Bf3 Rac8 22. e5 c4 23. Qc3 Qc5 24. Be4 Rb8 25. a3 Bh3 26. Rd1 Bg4 27. Rdb1 Bf5 28. Bxf5 Qxd5+ 29. Kg1 gxf5 30. Rd2 Qc5+ 31. Kh1 Red8 32. Rbd1 Rxd2 33. Rxd2 Qc6+ 34. Kg1 Qb6+ 35. Kg2 Rd8 36. Rxd8+ Qxd8 37. Qc2 Qd5+ 38. Kf2 Qe4 39. Qd2 Qc6 40. Qc2 c3 41. Qxf5 c2 42. Qg5+ Kf8 43. Qd8+ Kg7 44. f5 Qc5+ 45. Kf3 c1=Q 46. f6+ Kh6 0-1

[Event "CAN-ch U20"]
[Site "Calgary CAN"]
[Date "2012.01.05"]
[Round "2"]
[White "Li, Kevin"]
[Black "Thavandiran, Shiyam"]
[Result "0-1"]
[WhiteElo "2238"]
[BlackElo "2479"]
[PlyCount "96"]
[GameId "2160767909572922"]
[EventDate "2012.01.05"]
[EventType "swiss"]
[EventRounds "7"]
[EventCountry "CAN"]
[SourceTitle "EXT 2022"]
[Source "ChessBase"]
[SourceDate "2021.10.06"]
[SourceVersion "1"]
[SourceVersionDate "2021.10.06"]
[SourceQuality "1"]

1. e4 e6 2. d4 d5 3. Nc3 Bb4 4. Be3 b6 5. e5 Ne7 6. a3 Bxc3+ 7. bxc3 Ba6 8. Ne2 Nbc6 9. f4 Qd7 10. g4 h5 11. gxh5 Nf5 12. Bf2 Nce7 13. a4 Qc6 14. Ra3 Bc4 15. Ng3 Bxf1 16. Kxf1 a5 17. Qd3 Kd7 18. Ke2 Rh6 19. Raa1 Rah8 20. Kd2 Qc4 21. Qe2 Qxe2+ 22. Kxe2 Nxg3+ 23. hxg3 Rxh5 24. Rxh5 Rxh5 25. Kf3 Kc6 26. Rb1 Kb7 27. Kg2 Ka6 28. Be3 c6 29. Bc1 b5 30. g4 Rh8 31. Ba3 Nc8 32. Bc5 Nb6 33. axb5+ cxb5 34. Bxb6 Kxb6 35. f5 Rc8 36. Rb3 a4 37. Ra3 Ka5 38. fxe6 fxe6 39. Kf2 Rf8+ 40. Ke3 Rf1 41. Ra2 g5 42. Kd2 Rg1 43. Ra3 Rxg4 44. Kc1 Rg1+ 45. Kb2 g4 46. c4 b4 47. Re3 dxc4 48. d5 c3+ 0-1

[Event "CAN-ch U20"]
[Site "Calgary CAN"]
[Date "2012.01.05"]
[Round "2"]
[White "Lintott, Zachary"]
[Black "Wang, Richard"]
[Result "0-1"]
[WhiteElo "1359"]
[BlackElo "2306"]
[PlyCount "48"]
[GameId "2160767909572923"]
[EventDate "2012.01.05"]
[EventType "swiss"]
[EventRounds "7"]
[EventCountry "CAN"]
[SourceTitle "EXT 2022"]
[Source "ChessBase"]
[SourceDate "2021.10.06"]
[SourceVersion "1"]
[SourceVersionDate "2021.10.06"]
[SourceQuality "1"]

1. c4 c5 2. Nc3 Nc6 3. e3 e5 4. Nf3 Nf6 5. Be2 Be7 6. Qc2 O-O 7. O-O d5 8. Rd1 d4 9. Ne4 Nxe4 10. Qxe4 Bf6 11. h3 g6 12. g4 Bg7 13. d3 f5 14. gxf5 gxf5 15. Qd5+ Qxd5 16. cxd5 Nb4 17. e4 fxe4 18. dxe4 d3 19. Bxd3 Rxf3 20. Bc4 Bd7 21. Kg2 Raf8 22. Rg1 Nc2 23. Kh1 Nxa1 24. Bh6 Rxh3+ 0-1